banner koha

Ocorrência, patógenos e fatores de risco para mastite subclínica em cabras leiteiras (Registro n. 327910)

MARC details
000 -LÍDER
fixed length control field 02576nab a2200325 i 4500
003 - CÓDIGO MARC DA AGÊNCIA CATALOGADORA
Campo de controle BR-BrBNA
005 - DATA E HORA DA ÚLTIMA ATUALIZAÇÃO
Campo de controle 20241002130045.0
008 - CAMPO DE TAMANHO FIXO
fixed length control field 241002b2018 bl.|r|pooa||| 00| 0 por |
040 ## - FONTE DA CATALOGAÇÃO
Agência catalogadora BR-BrBNA
Idioma da catalogação por
072 ## - CATEGORIA AGRIS
Código AGRIS L73
Código do objeto 5250
072 ## - CATEGORIA AGRIS
Código AGRIS L70
100 ## - ENTRADA PRINCIPAL - NOME PESSOAL
Nome pessoal Machado, G.P.
100 ## - ENTRADA PRINCIPAL - NOME PESSOAL
Nome pessoal Guimarães, F.F.
100 ## - ENTRADA PRINCIPAL - NOME PESSOAL
Nome pessoal Menozzi, B.D.
100 ## - ENTRADA PRINCIPAL - NOME PESSOAL
Nome pessoal Salina, A.
100 ## - ENTRADA PRINCIPAL - NOME PESSOAL
Nome pessoal Possebon, F.S.
100 ## - ENTRADA PRINCIPAL - NOME PESSOAL
Nome pessoal Langoni, H.
245 ## - TÍTULO PRINCIPAL
Título principal Ocorrência, patógenos e fatores de risco para mastite subclínica em cabras leiteiras
500 ## - NOTA GERAL
Nota geral <br/>Publicação online; 14 ref.; Summary (En)
942 ## - ADDED ENTRY ELEMENTS (KOHA)
Koha item type Analítica
520 ## - NOTA DE RESUMO
Nota de conteúdo <br/><br/>ABSTRACT - Milk samples from 257 goats and 513 half udders of 10 dairy goat farms were analyzed by microbiological culture, to evaluate the sanitary management, and epidemiological questionnaire results. Multivariate analysis of risk factors for subclinical mastitis in goats, with the adjusted Odds Ratio for subclinical mastitis was performed. The prevalence of subclinical mastitis in goats by microbiological culture was 43.6%, and clinical mastitis was 5.84%. From 178 positive teats by microbiological culture, the most prevalent pathogens were coagulase-negative staphylococci - CNS (70%), S. aureus (13.5%), S. intermedius (7.9%), and Enterobacteriaceae (4%). The risk factors analysis revealed significant association between the disease and the flock size (OR= 3.33; P= 0.0268), and the farm was a confounding factor, being kept in the final statistical model. Despite the non-identification of all the factors associated with subclinical mastitis in herds and the existence of confounding factors that hinder statistical analyzes, the study of risk factors is important for the improvement of disease control and prevention programs in dairy goat, and it can be used as a tool in the reduction of environmental and contagious pathogens such as staphylococci that were the most identified pathogens causing caprine mastitis in the study.<br/><br/><br/>Keywords: goat mastitis, milk quality, epidemiology, risk factors
650 ## - ASSUNTO - THESAGRO
Cabeçalho tópico ou nome geográfico CABRA LEITEIRA
650 ## - ASSUNTO - THESAGRO
Cabeçalho tópico ou nome geográfico DOENÇA ANIMAL
650 ## - ASSUNTO - THESAGRO
Cabeçalho tópico ou nome geográfico MAMITE
650 ## - ASSUNTO - THESAGRO
Cabeçalho tópico ou nome geográfico HIGIENE VETERINÁRIA
650 ## - ASSUNTO - THESAGRO
Cabeçalho tópico ou nome geográfico SANIDADE ANIMAL
773 0# - ENTRADA ANALÍTICA
Host Biblionumber 1643
Registro do item 344677
Imprenta Belo Horizonte-MG Universidade Federal de Minas Gerais - Escola de Veterinaria 1983
Outro identificador 2024-5011
Título Arquivo Brasileiro de Medicina Veterinária e Zootecnia (Brazil)
ISSN 0102-0935
Colação v. 70(5) p. 1665-1670; (2018)
Número de controle de registro BR2024002770
856 ## - ACESSO E ENDEREÇO ELETRÔNICO
Identificador uniforme de recurso - URI https://www.scielo.br/j/abmvz/a/wFX5P9RhMvcLNwFbpKzfyCR/?format=pdf&lang=pt

Nenhum exemplar disponível.

BINAGRI

Telefone: (61)3218-2567/2388/3357/2097 - binagri@agro.gov.br

Ministério da Agricultura e Pecuária , Esplanada dos Ministérios, Bloco D, Anexo B, Brasília/DF, CEP: 70.043-900